Δήμοι του Βορείου Αιγαίου με Χάρτη - Statistics

General Stats
  • This quiz has been taken 8 times
  • The average score is 8 of 11
Answers on the Map
Answers color-coded by a green-red scale on the quiz's map according to % correct below.
 
Answer Stats
Δήμος % Correct
Λήμνου
100%
Μυτιλήνης
100%
Χίου
100%
Ικαρίας
83%
Αγίου Ευστρατίου
67%
Ψαρών
67%
Ανατολικής Σάμου
50%
Δυτικής Λέσβου
50%
Δυτικής Σάμου
50%
Οινουσσών
50%
Φούρνων Κορσεών
50%
No matching quizzes found
Score Distribution
Percent of People with Each Score
Percentile by Number Answered
Your Score History
You have not taken this quiz